Lecturas sobre la estructura temporal de los tipos de interés / (Record no. 90826)

MARC details
000 -LEADER
campo de control de longitud fija 00762nam a2200205 i 4500
001 - NÚMERO DE CONTROL
campo de control 90826
003 - IDENTIFICADOR DE NÚMERO DE CONTROL
campo de control ES-MaACL
005 - FECHA Y HORA DE LA ÚLTIMA TRANSACCIÓN
campo de control 20250806083105.0
007 - CAMPO FIJO DE DESCRIPCIÓN FÍSICA--INFORMACIÓN GENERAL
campo de control de longitud fija t|
008 - DATOS DE LONGITUD FIJA--INFORMACIÓN GENERAL
campo de control de longitud fija 050125s1975 sp ||||1| spa d
245 00 - MENCIÓN DEL TÍTULO
Título Lecturas sobre la estructura temporal de los tipos de interés /
Mención de responsabilidad, etc. selección y nota introductoria por Juan Angelet Cladellas.
260 ## - PUBLICACIÓN, DISTRIBUCIÓN, ETC.
Lugar de publicación, distribución, etc. Madrid :
Nombre del editor, distribuidor, etc. Confederación Española de Cajas de Ahorros,
Fecha de publicación, distribución, etc. [1975]
300 ## - DESCRIPCIÓN FÍSICA
Extensión XVI, 347 p. ;
Dimensiones 22 cm.
490 1# - MENCIÓN DE SERIE
Mención de serie Colección "Temas de Ahorro y Crédito" ;
Designación de volumen o secuencia 8
650 #7 - PUNTO DE ACCESO ADICIONAL DE MATERIA--TÉRMINO DE MATERIA
Término de materia o nombre geográfico como elemento de entrada Tipos de interés
Fuente del encabezamiento o término embne
9 (RLIN) 161493
700 1# - ENTRADA AGREGADA--NOMBRE PERSONAL
Nombre de persona Angelet Cladellas, Joan.
9 (RLIN) 161492
830 0# - PUNTO DE ACCESO ADICIONAL DE SERIE-TÍTULO UNIFORME
Título uniforme Colección "Temas de Ahorro y Crédito" ;
Designación de volumen o secuencia 8
9 (RLIN) 231955
852 ## - LOCALIZACIÓN
Ubicación ES-MaACL
Número de control de estantería E-8889
Sublocalización o colección R.93359
Holdings
Estatus retirado Estado de pérdida Estado de daño No para préstamo Biblioteca de origen Biblioteca actual Ubicación en estantería Fecha de adquisición Fuente de adquisición Total de préstamos Signatura topográfica completa Código de barras Visto por última vez Precio de reemplazo Tipo de ítem Koha
        Biblioteca del Ateneo de Madrid Biblioteca del Ateneo de Madrid Depósito 2 17/01/2008     E-8889 1094832 23/02/2023 23/02/2023 Libro impreso